India today : (Record no. 17223)
[ view plain ]
| 000 -LEADER | |
|---|---|
| fixed length control field | 01262nam a22003618a 4500 |
| 001 - CONTROL NUMBER | |
| control field | 016090827 |
| 003 - CONTROL NUMBER IDENTIFIER | |
| control field | OSt |
| 005 - DATE AND TIME OF LATEST TRANSACTION | |
| control field | 20140402155717.0 |
| 008 - FIXED-LENGTH DATA ELEMENTS--GENERAL INFORMATION | |
| fixed length control field | 120503s2013 xxkad frbd 001 0 eng d |
| 020 ## - INTERNATIONAL STANDARD BOOK NUMBER | |
| International Standard Book Number | 0745661122 (pbk.) |
| 020 ## - INTERNATIONAL STANDARD BOOK NUMBER | |
| International Standard Book Number | 9780745661124 (pbk.) |
| 020 ## - INTERNATIONAL STANDARD BOOK NUMBER | |
| International Standard Book Number | 0745661114 (hbk.) |
| 020 ## - INTERNATIONAL STANDARD BOOK NUMBER | |
| International Standard Book Number | 9780745661117 (hbk.) |
| 043 ## - GEOGRAPHIC AREA CODE | |
| Geographic area code | a-ii--- |
| 082 04 - DEWEY DECIMAL CLASSIFICATION NUMBER | |
| Classification number | 320.954 |
| Edition number | 22 |
| Item number | COR |
| 100 1# - MAIN ENTRY--PERSONAL NAME | |
| Personal name | Corbridge, Stuart |
| 9 (RLIN) | 32379 |
| 245 10 - TITLE STATEMENT | |
| Title | India today : |
| Remainder of title | economy, politics and society / |
| Statement of responsibility, etc | Stuart Corbridge, John Harriss and Craig Jeffrey. |
| 260 ## - PUBLICATION, DISTRIBUTION, ETC. (IMPRINT) | |
| Place of publication, distribution, etc | Cambridge, United Kingdom ; |
| -- | Malden, United States : |
| Name of publisher, distributor, etc | Polity Press, |
| Date of publication, distribution, etc | 2013 |
| Manufacturer | (Edwards Brothers Malloy) |
| 300 ## - PHYSICAL DESCRIPTION | |
| Extent | xv, 384 p. : |
| Other physical details | charts, tables ; |
| Dimensions | 23 cm. |
| 490 1# - Series Statement | |
| Series statement | Politics today |
| 500 ## - GENERAL NOTE | |
| General note | Glossary : p. 307-308. |
| 500 ## - GENERAL NOTE | |
| General note | Index : p. 361-354. |
| 504 ## - BIBLIOGRAPHY, ETC. NOTE | |
| Bibliography, etc | Bibliography : p. 309-360. |
| 651 #0 - SUBJECT ADDED ENTRY--GEOGRAPHIC NAME | |
| 9 (RLIN) | 35865 |
| Geographic name | India |
| General subdivision | Politics and government |
| Chronological subdivision | 1977- |
| 651 #0 - SUBJECT ADDED ENTRY--GEOGRAPHIC NAME | |
| Geographic name | India |
| General subdivision | Social conditions |
| 9 (RLIN) | 22615 |
| 651 #0 - SUBJECT ADDED ENTRY--GEOGRAPHIC NAME | |
| Geographic name | India |
| General subdivision | Economic policy |
| Chronological subdivision | 1991- |
| 9 (RLIN) | 35866 |
| 653 ## - INDEX TERM--UNCONTROLLED | |
| Resource For college | BAEPS, Political Science |
| Arrived date list | February2013 |
| -- | April2014 |
| 655 ## - INDEX TERM--GENRE/FORM | |
| Form subdivision | |
| -- | 34232 |
| 700 1# - ADDED ENTRY--PERSONAL NAME | |
| Personal name | Harriss, John |
| 9 (RLIN) | 32383 |
| 700 1# - ADDED ENTRY--PERSONAL NAME | |
| Personal name | Jeffrey, Craig, |
| Dates associated with a name | 1973- |
| 9 (RLIN) | 32384 |
| 830 #0 - SERIES ADDED ENTRY--UNIFORM TITLE | |
| Uniform title | Politics today (Polity Press) |
| 942 ## - ADDED ENTRY ELEMENTS (KOHA) | |
| Source of classification or shelving scheme | Dewey Decimal Classification |
| Item type | Book - Borrowing |
| Call number prefix | 320.954 COR |
| Withdrawn status | Item status | Source of classification or shelving scheme | Damaged status | Not for loan | Vendor | Home library | Current library | Shelving location | Date acquired | Source of acquisition | Cost, normal purchase price | Serial Enumeration / chronology | Total Checkouts | Total Renewals | Full call number | Barcode | Date last seen | Date last borrowed | Koha item type | Cost, replacement price |
|---|---|---|---|---|---|---|---|---|---|---|---|---|---|---|---|---|---|---|---|---|
| Dewey Decimal Classification | Academic Bookshop | Central Library | Central Library | First floor | 04/02/2013 | 180.00 | 2051289 | 5 | 3 | 320.954 COR | 000028003 | 15/07/2025 | 11/12/2017 | Book - Borrowing | ||||||
| Dewey Decimal Classification | Baccah | Central Library | Central Library | First floor | 02/04/2014 | 220.00 | 320.954 COR | 000035859 | 15/07/2025 | Book - Borrowing | 275.00 |